| 000 | 00528nam a2200181 i 4500 | ||
|---|---|---|---|
| 001 | 30251 | ||
| 003 | ES-MaACL | ||
| 005 | 20250917063029.0 | ||
| 007 | t| | ||
| 008 | 030124s1897 sp ||||1| spa d | ||
| 100 | 1 |
_aBarrantes, Pedro, _d1860-1912 _9156656 |
|
| 245 | 1 | 0 |
_aTierra y cielo / _cPedro Barrantes. |
| 250 | _a3ª ed. | ||
| 260 |
_aMadrid : _b[El Adalid], _c1897 ( _fImp. del Asilo de Huérfanos del S. C. de Jesús) |
||
| 300 |
_a223 p. ; _c19 cm. |
||
| 852 |
_aES-MaACL _jF-13478 |
||
| 999 |
_c30251 _d30251 |
||